Fr. Conceicao Rodrigues College of Engineering

Electrical measurements and measuring instruments (Record no. 33685)

MARC details
000 -LEADER
fixed length control field 00372nam a2200169Ia 4500
082 ## - DEWEY DECIMAL CLASSIFICATION NUMBER
Classification number 621.374/RAJ
Item number RAJ
100 ## - MAIN ENTRY--PERSONAL NAME
Personal name Rajput/R.K
245 ## - TITLE STATEMENT
Title Electrical measurements and measuring instruments
260 ## - PUBLICATION, DISTRIBUTION, ETC.
Name of publisher, distributor, etc. S.Chand & C0
Date of publication, distribution, etc. 2008
366 ## - TRADE AVAILABILITY INFORMATION
Publishers's discount category 20
300 ## - PHYSICAL DESCRIPTION
Extent 741
546 ## - LANGUAGE NOTE
Language note ENGLISH
650 ## - SUBJECT ADDED ENTRY--TOPICAL TERM
Topical term or geographic name entry element Instruments
654 ## - SUBJECT ADDED ENTRY--FACETED TOPICAL TERMS
Focus term measuremts
942 ## - ADDED ENTRY ELEMENTS (KOHA)
Koha item type BOOK
Holdings
Withdrawn status Lost status Damaged status Not for loan Collection Home library Current library Date acquired Source of acquisition Cost, normal purchase price Inventory number Total Checkouts Full call number Barcode Date last seen Cost, replacement price Price effective from Koha item type
        CRC Fr. Agnel's C.Rodrigues College of Engineering Fr. Agnel's C.Rodrigues College of Engineering 17/03/2023 Dharma Enterprises 248.00 298 dt 28/04/2009   621.374/RAJ RAJ 19621 17/03/2023 310.00   BOOK